BIBLIA Y PEDAGOGIA DE LA FE

Uloženo v:
Podrobná bibliografie
Korporativní autor: Ranwez, P.
Médium: Kniha
Tagy: Přidat tag
Žádné tagy, Buďte první, kdo vytvoří štítek k tomuto záznamu!

MARC

LEADER 00000nam^a2200000^a^4500
001 000211621
005 20250521000000.0
009 20260310103427.706
035 |a 018698 
037 |a Acervo Xavier Clavigero 
082 |a 217. 4  |b RAN 
110 |a Ranwez, P. 
245 1 0 |a BIBLIA Y PEDAGOGIA DE LA FE 
264 |a MADRID :  |b MAROVA, S.L.,  |c 1969 
336 |a texto  |b txt  |2 rdacontenido 
337 |a sin mediación  |b n  |2 rdamedio 
338 |a volumen  |b nc  |2 rdasoporte 
649 |a XX 
910 |a Fondo General 
920 |a Impresos - Libros 
930 |a Colección General 
905 |a 101 
901 |a 018698  |b IT1  |c ACC  |i 018698  |u 20250521 
901 |a 002463  |b IT1  |c ACC  |i 002463  |u 20250521 
902 |a https://opac.biblio.iteso.mx/vufind/Record/000211621